000 00289nam a22001337a 4500
008 181105b xxu||||| |||| 00| 0 eng d
020 _a9780934380690
041 _aeng
080 _a330
100 _a50
101 _aECO
245 _aHow Trade In stocs
_cSmitten.R
942 _2udc
_cBK
999 _c51848
_d51848